| 000 -LEADER |
| fixed length control field |
00823nam a2200277 a 4500 |
| 001 - CONTROL NUMBER |
| control field |
9359 |
| 003 - CONTROL NUMBER IDENTIFIER |
| control field |
BD-DhUAP |
| 005 - DATE AND TIME OF LATEST TRANSACTION |
| control field |
20210124141820.0 |
| 008 - FIXED-LENGTH DATA ELEMENTS--GENERAL INFORMATION |
| fixed length control field |
200212s2005 ii ||||| b||| 001 0 eng d |
| 020 ## - INTERNATIONAL STANDARD BOOK NUMBER |
| International Standard Book Number |
8171771742 |
| 040 ## - CATALOGING SOURCE |
| Original cataloging agency |
BD-DhAAL |
| Transcribing agency |
BD-DhAAL |
| Language of cataloging |
Eng |
| Modifying agency |
BD-DhUAP |
| 082 ## - DEWEY DECIMAL CLASSIFICATION NUMBER |
| Edition number |
23 |
| Classification number |
347.052 MIT |
| 100 ## - MAIN ENTRY--PERSONAL NAME |
| Personal name |
Mitra, B. B. |
| 9 (RLIN) |
19349 |
| 245 ## - TITLE STATEMENT |
| Title |
B. B. Mitra the limitation act 1963 / |
| Remainder of title |
M. R. Mallick and Sukumar Ray. |
| 250 ## - EDITION STATEMENT |
| Edition statement |
21st ed. |
| 260 ## - PUBLICATION, DISTRIBUTION, ETC. |
| Place of publication, distribution, etc. |
New Delhi : |
| Name of publisher, distributor, etc. |
Eastern Law House, |
| Date of publication, distribution, etc. |
c2005. |
| 300 ## - PHYSICAL DESCRIPTION |
| Extent |
1640 pages ; |
| Dimensions |
24 cm. |
| 504 ## - BIBLIOGRAPHY, ETC. NOTE |
| Bibliography, etc. note |
Includes bibliographical references and index |
| 526 ## - STUDY PROGRAM INFORMATION NOTE |
| Program name |
SoL |
| 650 ## - SUBJECT ADDED ENTRY--TOPICAL TERM |
| Topical term or geographic name entry element |
Limitations of actions |
| Geographic subdivision |
India |
| 9 (RLIN) |
19524 |
| 651 ## - SUBJECT ADDED ENTRY--GEOGRAPHIC NAME |
| Geographic name |
India |
| Geographic subdivision |
limitation act |
| 9 (RLIN) |
19525 |
| 700 ## - ADDED ENTRY--PERSONAL NAME |
| Personal name |
Mallick, M. R. |
| 9 (RLIN) |
19526 |
| 700 ## - ADDED ENTRY--PERSONAL NAME |
| Personal name |
Ray, Sukumar. |
| 942 ## - ADDED ENTRY ELEMENTS (KOHA) |
| Source of classification or shelving scheme |
|
| Koha item type |
Book |